| 000 | 00726nam a2200217 4500 | ||
|---|---|---|---|
| 001 | 174960 | ||
| 003 | ES-MaACL | ||
| 005 | 20250805063317.0 | ||
| 008 | 100820s1985 sp |||| | spa d | ||
| 020 | _a84-7530-918-6 | ||
| 080 | _a330.862 | ||
| 100 | 1 |
_aSavater, Fernando, _d1947- _9104053 |
|
| 245 | 1 | 0 |
_aPara la anarquía y otros enfrentamientos / _cFernando Savater. |
| 260 |
_a[Esplugues de Llobregat] : _bOrbis, _c[1985] |
||
| 300 |
_a188 p. ; _c20 cm. |
||
| 490 | 1 |
_aBiblioteca de política, economía y sociología ; _v3 |
|
| 650 | 7 |
_aAnarquismo _2embne _99783 |
|
| 830 | 0 |
_aBiblioteca de política, economía y sociología ; _v3 _9189467 |
|
| 852 |
_aES-MaACL _jE-13157 |
||
| 999 |
_c174960 _d174960 |
||